000 01559nmm a2200337 4500
001 57792
003 Biblioteca APEC
005 20251014103517.0
008 221015b2018 dr ||||| |||| 00| 0 spa d
040 _aBiblioteca UNAPEC
_bspa
_cBiblioteca APEC
_erda
041 _aspa
072 _aFacultad de Humanidades
090 _aeT TPG-CI MMM-12 2018
100 1 0 _aRodríguez Gil, Yanile María
_eautor
_9111125
245 1 0 _aDiseño y evaluación por competencia del análisis combinatorio para los estudiantes de cuarto de media del Liceo Jaime Molina Mota, Villa Tapia /
_cYanile María Rodríguez Gil ; asesor: Santiago de Jesús Artidiello Moreno
260 _aSanto Domingo :
_bUniversidad APEC,
_c2018
300 _a1 CD ROM
336 _aTexto
_btxt
_2rdacontent
337 _aordenador
_bc
_2rdamedia
338 _arecurso en línea
_bcr
_2rdacarrier
500 _aTesis en Formato PDF. Tesis en Formato Electrónico. Tesis en Formato Digital.
502 _aTesis (Maestría en la Enseñanza de Matemática Media-Superior) - Universidad APEC, 2018
650 7 _2lemb
_aAnálisis combinatorio
_920982
650 7 _2lemb
_aMatemáticas
_xEnseñanza
_9111126
650 7 _2lemb
_aAnálisis matemático
_9111127
650 7 _2lemb
_aCombinaciones (Matemáticas)
_9111128
700 0 _aArtidiello Moreno, Santiago de Jesús
_easesor
_989610
856 _uhttps://bibliotecaunapec.blob.core.windows.net/tesis/TPG_C1_MMM_12_2018_eT220441.pdf
_yHacer clic para ver el PDF (1.69 MB). Trabajo de posgrado
912 _aAJRP
_bAJIM
942 _2ddc
_cE-TES
999 _c14191
_d14191